000 00553nam a2200205 4500
003 LK-CoMWRAF
005 20231020095935.0
008 231020b1986 |||||||| |||| 00| 0 eng d
020 _a0713483067
040 _aLK-CoMWRAF
_dLK-CoMWRAF
_eLK-CoMWRAF
041 _aeng
082 _a746.2
_bSUT
100 _aSutton, Edna
245 _aBruges flower lace
260 _aLondon:
_bB.T. Batsford,
_c1986
300 _a118 p. : ill. ; 25 cm.
_bIndex included
650 _a LACE-patterns
650 _aBobbin lace--Belgium--Bruges--Patterns
942 _cBK
999 _c3958
_d3958